00529nam a2200145 4500008001000000020001500010082001500025100002800040245001400068260005300082300003600135650008300171999001500254952011400269708 M583s a2879008484 a708bM583s aMessager, Annette96428 asous vent aParísbLes musées de la Ville de Parisc2004 a66 p. bill (col)c19.5 x 26 cm xarte contemporáneoxarte - exhibicionesxarte - instalacionesxFrancia96429 c1511d1511 00102ddc4070aLVbLVcMonografíasd2018-06-28l0o708 M583sp001067r2018-06-28 00:00:00w2018-06-28y01